000
00215nam a2200097Ia 4500
008
240331s9999 xx 000 0 und d
082
_b
GAN
100
_a
Ganesalingan, S
245
0
_a
Oru kudumpathin kathai
942
_c
L
999
_c
3903
_d
3903